ბათუმის შოთა რუსთაველის სახელმწიფო უნივერსიტეტის ბიბლიოთეკა

ქართული ლექსიკონი (ბიბ.ჩანაწერი № 49393)

000 -LEADER
fixed length control field 01171nam a2200265Ia 4500
001 - CONTROL NUMBER
control field 16313
003 - CONTROL NUMBER IDENTIFIER
control field GE_BSU
008 - FIXED-LENGTH DATA ELEMENTS--GENERAL INFORMATION
fixed length control field 181216s||||||||xx |||||||||||||| ||und||
020 ## - INTERNATIONAL STANDARD BOOK NUMBER
International Standard Book Number ISBN 978-9941-15-854-4
040 ## - CATALOGING SOURCE
Transcribing agency GE_BSU
080 ## - UNIVERSAL DECIMAL CLASSIFICATION NUMBER
Universal Decimal Classification number 81'374(038)=353.1
100 ## - MAIN ENTRY--PERSONAL NAME
Personal name ცოცანიძე, გიორგინანა ლოლაძე, ქეთევან დათუკიშვილი
245 ## - TITLE STATEMENT
Title ქართული ლექსიკონი
245 ## - TITLE STATEMENT
Remainder of title 1000-მდე ილუსტრაცია : 29000 ზმნური სიტყვაფორმა
245 ## - TITLE STATEMENT
Statement of responsibility, etc. პროექტის ხელმძღვ. თეა ქიტოშვილი ; ილ. დავით მაჭავარიანი ;
260 ## - PUBLICATION, DISTRIBUTION, ETC.
Place of publication, distribution, etc. თბილისი
260 ## - PUBLICATION, DISTRIBUTION, ETC.
Name of publisher, distributor, etc. ბაკურ სულაკაურის გამ-ბა
260 ## - PUBLICATION, DISTRIBUTION, ETC.
Date of publication, distribution, etc. 2014
300 ## - PHYSICAL DESCRIPTION
Extent 926 გვ; 24 სმ
300 ## - PHYSICAL DESCRIPTION
Other physical details ბიბლიოგრ.: გვ. 925-926. დანართი: გვ. 799-923
653 ## - INDEX TERM--UNCONTROLLED
Uncontrolled term ლექსიკონი
653 ## - INDEX TERM--UNCONTROLLED
Uncontrolled term ქართული ლექსიკონი
942 ## - ADDED ENTRY ELEMENTS (KOHA)
Koha item type წიგნი
ეგზემპლარები
Withdrawn status Lost status Damaged status Not for loan Date acquired Barcode Date last seen Price effective from Koha item type
        2018-12-17 40672 2018-12-17 2018-12-17 წიგნი
        2018-12-17 40673 2018-12-17 2018-12-17 წიგნი